ICETA 2014 : 12th IEEE International Conference on Engineering eLearning Technologies and Applications. December 4-5, 2014 Starý Smokovec, Slovakia
Uložené v:
| Korporativný autor: | |
|---|---|
| Médium: | Konferenčný príspevok.. Kniha |
| Jazyk: | English |
| Vydavateľské údaje: |
Danvers :
IEEE,
2014
|
| Vydanie: | 1. vyd. |
| Tagy: |
Žiadne tagy, Buďte prvý, kto otaguje tento záznam!
|
MARC
| LEADER | 00000nam a22000003a 4500 | ||
|---|---|---|---|
| 001 | 0000621 | ||
| 005 | 20150602094615.8 | ||
| 008 | 131028s--------xxu-----------------eng-d | ||
| 020 | |a 978-1-4799-7738-3 | ||
| 020 | |a 978-1-4799-7740-6 | ||
| 040 | |a STU |b slo | ||
| 041 | 0 | |a eng | |
| 044 | |a xxu | ||
| 111 | 2 | |a IEEE International Conference on Engineering eLearning Technologies and Applications |n 12 |d 4.-5.12.2014 : |c Starý Smokovec, Slovakia. |e ICETA 2014 | |
| 245 | |a ICETA 2014 : |b 12th IEEE International Conference on Engineering eLearning Technologies and Applications. December 4-5, 2014 Starý Smokovec, Slovakia |h elektronický zdroj | ||
| 250 | |a 1. vyd. | ||
| 260 | |a Danvers : |b IEEE, |c 2014 | ||
| 300 | |a 1 CD-ROM | ||
| 500 | |a recenzované | ||
| 996 | |b 284M084445 |c M*CD-2505 |l MMKN |s A |a 24 |w 0000621_0001 | ||